Estadísticas para Alcaldías de la Ciudad de México con un mapa

Haz click aquí para intentar la prueba.

Estadísticas generales

  • Esta prueba ha sido intentada 500 veces
  • La puntuación promedio es 10 de 16

Respuestas en el mapa

Las respuestas están codificadas por una escala verde-roja en el mapa de la prueba según el % correcto abajo.
 

Estadísticas de respuestas

Alcaldía% Correcto
Benito Juárez
80%
Iztapalapa
74%
Xochimilco
71%
Álvaro Obregón
68%
Coyoacán
68%
Cuauhtémoc
68%
Miguel Hidalgo
67%
Gustavo A. Madero
64%
Venustiano Carranza
64%
Milpa Alta
63%
Tlalpan
63%
Cuajimalpa de Morelos
58%
Iztacalco
56%
Azcapotzalco
55%
Magdalena Contreras
53%
Tláhuac
48%

Distribución de puntuación

Porcentaje por número respondido

Porcentaje de gente con cada puntuación

Historial de tus puntuaciones

No has intentado esta prueba.